आज्ञापत्र आणि राजनिती (Record no. 22891)

MARC details
000 -LEADER
fixed length control field 00435nam a2200157Ia 4500
008 - FIXED-LENGTH DATA ELEMENTS--GENERAL INFORMATION
fixed length control field 220531s9999 xx 000 0 und d
041 ## - LANGUAGE CODE
Language code of text/sound track or separate title mar
100 ## - MAIN ENTRY--PERSONAL NAME
Personal name जोशी आणि भिंगारे
9 (RLIN) 37687
245 ## - TITLE STATEMENT
Title आज्ञापत्र आणि राजनिती
260 ## - PUBLICATION, DISTRIBUTION, ETC. (IMPRINT)
Name of publisher, distributor, etc. Continental
Date of publication, distribution, etc. 2011
300 ## - PHYSICAL DESCRIPTION
Extent 90
542 ## - INFORMATION RELATING TO COPYRIGHT STATUS
Copyright holder 07-11-2001
650 ## - SUBJECT ADDED ENTRY--TOPICAL TERM
Topical term or geographic name as entry element Genral
9 (RLIN) 37688
906 ## - LOCAL DATA ELEMENT F, LDF (RLIN)
d 2001-2002
Holdings
Withdrawn status Lost status Source of classification or shelving scheme Damaged status Not for loan Home library Current library Date acquired Total Checkouts Total Holds Full call number Barcode Date last seen Bill Date Koha item type Original Barcode
    Dewey Decimal Classification     Shri Siddhivinayak Mahila Mahavidyalaya Shri Siddhivinayak Mahila Mahavidyalaya 07/11/2001   1 /-/B/3874 SSMM-BK-3874 06/08/2022 06/08/2022 Books 010003874